书目信息 |
| 题名: |
标准德语发音
|
|
| 作者: | 付天海 主编 ;刘颖 , 傅琪 , 张玉蓉 编 | |
| 分册: | ||
| 出版信息: | 大连 大连理工大学出版社 2005 |
|
| 页数: | 144页 | |
| 开本: | 20cm | |
| 丛书名: | ||
| 单 册: | ||
| 中图分类: | H331 | |
| 科图分类: | ||
| 主题词: | 德语 , 发音 , 德语--发音 | |
| 电子资源: | ||
| ISBN: | 7-88835-229-4 | |
| 000 | 01036nam0 2200313 450 | |
| 001 | 010060010626 | |
| 005 | 20061109101320.37 | |
| 010 | @a7-88835-229-4@dCNY14.80(含光盘) | |
| 100 | @a20051202d2005 em y0chiy0110 ea | |
| 101 | 0 | @achi@ager |
| 102 | @aCN@b210000 | |
| 105 | @aak z 000yy | |
| 200 | 1 | @a标准德语发音@9biao zhun de yu fa yin@e讲课版@f付天海主编@g刘颖,傅琪,张玉蓉编 |
| 210 | @a大连@c大连理工大学出版社@d2005 | |
| 215 | @a144页@c图@d20cm@e1光盘 | |
| 300 | @a从零开始学德语 适用于零基础人群 | |
| 307 | @a附光盘:ISRC CN-Q08-05-0106-0 | |
| 330 | @a本书主要包括德语字母表字母名称、发音器官图、常用术语解释、元音、辅音、语音规划、综合发音练习、单词拼读等内容。 | |
| 510 | 1 | @aStandardkurs fur Deutsche Phonetik@zger |
| 606 | 0 | @a德语 |
| 606 | 0 | @a发音 |
| 606 | 0 | @a德语@x发音 |
| 690 | @aH331@v4 | |
| 701 | 0 | @a付天海@9fu tian hai@4主编 |
| 702 | 0 | @a刘颖@9liu ying@4编 |
| 702 | 0 | @a傅琪@9fu qi@4编 |
| 702 | 0 | @a张玉蓉@9zhang yu rong@4编 |
| 801 | 0 | @aCN@bRENTIAN@c20061109 |
| 905 | @a10447@dH331@e81 | |
| 标准德语发音:讲课版/付天海主编/刘颖,傅琪,张玉蓉编.-大连:大连理工大学出版社,2005 |
| 144页:图;20cm+1光盘 |
| 从零开始学德语 适用于零基础人群 |
| ISBN 7-88835-229-4:CNY14.80(含光盘) |
| 本书主要包括德语字母表字母名称、发音器官图、常用术语解释、元音、辅音、语音规划、综合发音练习、单词拼读等内容。 |
| ● |
| 相关链接 |
|
|
|
|
正题名:标准德语发音
索取号:H331/81
 
预约/预借
| 序号 | 登录号 | 条形码 | 馆藏地/架位号 | 状态 | 备注 |
| 1 | 0385351 | 203853516 | 第二样本阅览室/ [索取号:H331/81] | 在馆 | |
| 2 | 0385352 | 203853525 | 第四借阅区/ [索取号:H331/81] | 在馆 | |
| 3 | 0385353 | 203853534 | 第四借阅区/ [索取号:H331/81] | 在馆 | |
| 4 | 0385354 | 203853543 | 第四借阅区/ [索取号:H331/81] | 在馆 | |
| 5 | 0385355 | 203853552 | 第四借阅区/ [索取号:H331/81] | 在馆 |
本书有关联资源:
1 .光盘 /ISO :标准德语发音 /付天海
下载